| 000 | 00996cam a22002894a 4500 | ||
|---|---|---|---|
| 001 | 13020067 | ||
| 003 | Nust- CAS-E | ||
| 005 | 20180118181405.0 | ||
| 008 | 021204s2003 maua b 000 0 eng | ||
| 010 | _a 2002038347 | ||
| 020 | _a1405112530 (pbk.) | ||
| 040 |
_aDLC _cDLC _dDLC |
||
| 042 | _apcc | ||
| 043 | _ae-uk--- | ||
| 050 | 0 | 0 |
_aTJ163.5.B84 _bW373 2003 |
| 082 | 0 | 0 |
_a696 _221 _bWAT-E 2003 |
| 100 | 1 | _aWaters, J. R. | |
| 245 | 1 | 0 |
_aEnergy conservation in buildings : _ba guide to Part L of the Building regulations / _cJ.R. Waters. |
| 260 |
_aMalden, MA : _bBlackwell Pub., _c2003. |
||
| 300 |
_axiv, 202 p. : _bill. ; _c25 cm. |
||
| 502 | _a0 | ||
| 504 | _aIncludes bibliographical references (p. 199-202). | ||
| 650 | 0 |
_aBuildings _xEnergy conservation _xStandards _zGreat Britain. |
|
| 906 |
_a7 _bcbc _corignew _d1 _eocip _f20 _gy-gencatlg |
||
| 942 |
_2ddc _cBK |
||
| 999 |
_c355558 _d355558 |
||